Essays philosophical and psychological (Record no. 184440)

MARC details
000 -LEADER
campo de control de longitud fija 01818nam a2200205 i 4500
001 - NÚMERO DE CONTROL
campo de control 184440
003 - IDENTIFICADOR DE NÚMERO DE CONTROL
campo de control ES-MaACL
005 - FECHA Y HORA DE LA ÚLTIMA TRANSACCIÓN
campo de control 20250924165406.0
008 - DATOS DE LONGITUD FIJA--INFORMACIÓN GENERAL
campo de control de longitud fija 150827s1908 xxu |||| | eng d
245 00 - MENCIÓN DEL TÍTULO
Título Essays philosophical and psychological
Resto del título : in honor of William James, professor in Harvard University /
Mención de responsabilidad, etc. by his colleagues at Columbia University.
260 ## - PUBLICACIÓN, DISTRIBUCIÓN, ETC.
Lugar de publicación, distribución, etc. New York :
Nombre del editor, distribuidor, etc. Longmans, Green,
Fecha de publicación, distribución, etc. 1908.
300 ## - DESCRIPCIÓN FÍSICA
Extensión VIII, 610 p., [1] h. de lám. ;
Dimensiones 23 cm.
505 0# - NOTA DE CONTENIDO CON FORMATO
Nota de contenido con formato The new realism / by George Stuart Fullerton . Does reality possess practical character? / by John Dewey . A factor in the genesis of idealism / by Wendell T. Bush . Consciousness a form of energy / by Wm. Pepperrell Montague . Perception and epistemology / by Frederick J.E. Woodbridge . Substitutionalism / by C.A. Strong . World-pictures / by Walter Boughton Pitkin . Naïve realism: what is it? / by Dickinson S. Miller . Kant and the English Platonists / by Arthur O. Lovejoy . A critique of Kant's ethics / by Felix Adler . The abuse of abstraction in ethics / by Herbert Gardiner Lord . Purposive consistency, the outline of a classification of values / by G.A. Tawney . The problem of method in mathematics and philosophy / by Harold Chapman Brown . Pragmatism in æsthetics / by Kate Gordon . The consciousness of relation / by R.S. Woodworth . On the variability of individual judgment / by Frederic Lyman Wells . The validity of judgments of character / by Naomi Norsworthy . Reactions and perceptions / by James McKeen Cattell . A pragmatic substitute for free will / by Edward L. Thorndike.
599 ## - NOTA A LAS ILUSTRACIONES
NOTA A LAS ILUSTRACIONES Lám.: retr. de William James.
600 14 - PUNTO DE ACCESO ADICIONAL DE MATERIA--NOMBRE DE PERSONA
Nombre de persona James, William,
Fechas asociadas al nombre 1842-1910
9 (RLIN) 65978
650 #7 - PUNTO DE ACCESO ADICIONAL DE MATERIA--TÉRMINO DE MATERIA
Término de materia o nombre geográfico como elemento de entrada Filosofía
Fuente del encabezamiento o término embne
9 (RLIN) 12802
650 #7 - PUNTO DE ACCESO ADICIONAL DE MATERIA--TÉRMINO DE MATERIA
Término de materia o nombre geográfico como elemento de entrada Psicología
Fuente del encabezamiento o término embne
9 (RLIN) 16540
852 ## - LOCALIZACIÓN
Ubicación ES-MaACL
Número de control de estantería G-10854
Holdings
Estatus retirado Estado de pérdida Estado de daño No para préstamo Biblioteca de origen Biblioteca actual Ubicación en estantería Fecha de adquisición Fuente de adquisición Total de préstamos Signatura topográfica completa Código de barras Visto por última vez Precio de reemplazo Tipo de ítem Koha
        Biblioteca del Ateneo de Madrid Biblioteca del Ateneo de Madrid Depósito 2 27/08/2015     G-10854 1194089 23/02/2023 23/02/2023 Libro impreso